Langues les plus parlées en Suède - Statistiques

Statistiques générales
  • Ce quiz a été pris 192 fois
  • Le résultat moyen est 8 sur 10
Statistiques - réponses
% Langue % Correct
96,7 Suédois
99%
54 Anglais
98%
6,9 Français
98%
18,7 Allemand
91%
4,8 Espagnol
90%
4,5 Danois
78%
1,2 Arabe
71%
1,2 Italien
70%
0,7 Polonais
59%
1,6 Finlandais
54%
Aucun quiz correspondant
Distribution des résultats
% des personnes avec chaque résultat
Percentile par nombre de réponses
Votre historique - résultats
Vous n’avez pas pris ce quiz